000
00205 a2200097 4500
001
5506
100
_a
Brooks,WO
245
_a
Directed activities in physics
260
_a
_b
Oxford
_c
090
_c
4519
_d
4519
942
_a
NUST-CAE
_c
M
_c
30844
999
_c
240579
_d
240579